00337nam a2200133Ia 4500008004100000041000800041082001400049100002000063245003500083250001400118260003200132300003200164365000700196240624s9999 xx 000 0 und d aeng a658.5 MER aMEREDITH JACK R aOPERATIONS MANAGEMENT FOR MBAS a(2nd ed.) c2003aSingaporebJohn Wiley axiii, : 406 : p. : cm. ; 24 cRS